000 00530pab a2200181 454500
008 180718b1971 xxu||||| |||| 00| 0 eng d
100 _aBhambhri, C.P.
245 _aThe administrative elite and political modernization in India: A study of the value-attitudes of IAS probationers 1970-71
260 _c1971
300 _ap.47-64.
362 _aJan-Mar
650 _aCivil service - India
650 _aIAS
650 _aCivil service
773 _aIndian Journal of Public Administration
908 _aN
909 _a99978
999 _c99977
_d99977